[Event "Kishinev Ghimpu Memorial op"]
[Site "Kishinev"]
[Date "2012.11.10"]
[Round "4"]
[White "Gorbanovsky, Oleg"]
[Black "Ogleznev, Alexandr"]
[Result "0-1"]
[WhiteElo "2023"]
[BlackElo "2278"]
[PlyCount "66"]
[EventDate "2012.11.09"]
[EventType "swiss"]
[EventRounds "9"]
[EventCountry "MDA"]
[SourceTitle "EXT 2014"]
[Source "ChessBase"]
[SourceDate "2013.11.20"]
[SourceVersion "1"]
[SourceVersionDate "2013.11.20"]
[SourceQuality "1"]

1. Nf3 Nf6 2. b3 g6 3. Bb2 Bg7 4. e3 d6 5. d4 0-0 6. Be2 b6 7. 0-0 a6 8. c4 c5 9. d5 Ra7 10. Qc2 e5 11. dxe6 fxe6 12. Nc3 Nc6 13. Rad1 Rd7 14. Ng5 Re8 15. Nce4 d5 16. Nxf6+ Bxf6 17. Bxf6 Qxf6 18. Nf3 Kg7 19. a3 Bb7 20. Qb1 Red8 21. b4 d4 22. e4 cxb4 23. axb4 e5 24. Ne1 a5 25. bxa5 Nxa5 26. Bd3 Ba6 27. Qb4 Nb7 28. Rb1 Rd6 29. f4 Nc5 30. f5 Qg5 31. f6+ Kf7 32. Kh1 Re6 33. Ra1 Rdd6 0-1

[Event "Kishinev Ghimpu Memorial op"]
[Site "Kishinev"]
[Date "2012.11.09"]
[Round "2"]
[White "Gorbanovsky, Oleg"]
[Black "Baltag, Iulian"]
[Result "0-1"]
[WhiteElo "2023"]
[BlackElo "2402"]
[PlyCount "68"]
[EventDate "2012.11.09"]
[EventType "swiss"]
[EventRounds "9"]
[EventCountry "MDA"]
[SourceTitle "EXT 2014"]
[Source "ChessBase"]
[SourceDate "2013.11.20"]
[SourceVersion "1"]
[SourceVersionDate "2013.11.20"]
[SourceQuality "1"]

1. Nf3 Nf6 2. c4 g6 3. Nc3 Bg7 4. g3 0-0 5. Bg2 d5 6. cxd5 Nxd5 7. 0-0 Nc6 8. d4 Nb6 9. e3 Re8 10. a3 Be6 11. Re1 h6 12. Ne4 Qc8 13. Nc5 Bg4 14. Qb3 Rb8 15. Bd2 e5 16. dxe5 Nxe5 17. Nxe5 Rxe5 18. Nd3 Re8 19. Bc3 Bxc3 20. Qxc3 c6 21. Ne5 Be6 22. Rad1 Qc7 23. f4 Nd7 24. Nf3 Rbd8 25. e4 Qb6+ 26. Kh1 Qb3 27. Nd4 Qxc3 28. bxc3 Bc4 29. e5 Nc5 30. Bf1 Bxf1 31. Rxf1 Ne4 32. Rf3 c5 33. Re1 Nd2 34. Rd3 Nc4 0-1

[Event "World ol U16 11th"]
[Site "Istanbul"]
[Date "2012.08.30"]
[Round "3.11"]
[White "Gorbanovsky, Oleg"]
[Black "Haman, Jakub"]
[Result "0-1"]
[WhiteElo "1968"]
[BlackElo "2137"]
[PlyCount "60"]
[EventDate "2012.08.29"]
[EventType "team-swiss"]
[EventRounds "10"]
[EventCountry "TUR"]
[SourceTitle "CBM 150 Extra"]
[Source "ChessBase"]
[SourceDate "2012.10.19"]
[SourceVersion "1"]
[SourceVersionDate "2012.10.19"]
[SourceQuality "1"]
[WhiteTeam "Moldova (U16)"]
[BlackTeam "Czech Republic (U16)"]
[WhiteTeamCountry "MDA"]
[BlackTeamCountry "CZE"]

1. e4 d6 2. d4 Nf6 3. Nc3 g6 4. f4 Bg7 5. Nf3 0-0 6. Bd3 c5 7. d5 Na6 8. 0-0 Bg4 9. h3 Bxf3 10. Qxf3 Nb4 11. a3 Nxd3 12. Qxd3 e6 13. Kh2 exd5 14. exd5 Re8 15. Bd2 a6 16. a4 Rb8 17. a5 Rc8 18. Qc4 Ng4+ 19. Kg3 Ne3 20. Bxe3 Rxe3+ 21. Rf3 Qe7 22. Raf1 Re8 23. Rxe3 Qxe3+ 24. Kh2 Bf6 25. Rf3 Qc1 26. Ne4 Bd4 27. Nf2 Qxb2 28. Qa4 Re2 29. f5 Qxc2 30. Qd7 Be5+ 0-1